| 000 | 00490nam a2200181Ia 4500 | ||
|---|---|---|---|
| 005 | 20250326125534.0 | ||
| 008 | 250326s9999 xx 000 0 und d | ||
| 037 | _aTextbook | ||
| 040 |
_aFMSL _beng _cFMSL |
||
| 041 |
_aeng _2eng |
||
| 084 |
_aS K9 _qFMSL |
||
| 100 |
_aBorger R _9736161 |
||
| 245 | 0 |
_aPsychology of learning _cBorger R; Seaborne A E M |
|
| 260 |
_aEngland _bEngland, Penguin Books _c1969 |
||
| 300 | _a250p | ||
| 942 |
_cTB _hS K9 |
||
| 999 |
_c1278489 _d1278489 |
||